01254nam a2200277 a 450000100100000000500170001000800410002702000180006804000250008608200260011110000350013724500510017225000120022326000360023530000210027150000610029258600920035359000260044565000290047165000310050091000370053195201380056895201240070695201290083099900170095900003051120240412074254.0100915s2011 dr 000 j spa d a9789945100129 aDO-SdBNPbspacBNPHU aRD863.44bS787p, 20111 aStanley, Avelino,d1959-9153613aLa piel acosada :bcuentos /cAvelino Stanley. a2a. ed. aSanto Domingo :bCocolo,c2011. a151 p. ;c22 cm. aIncluye datos biográficos del autor en contracubierta. aPremio Internacional Ciudad de Viareggio en Italia, organizado por la Editorial Il Molo aInventariado, 2019/VM 0aCuentos dominicanos9176 0aLiteratura dominicana.967 aValidado. Control de calidad MFF 001054708DSaGRbGRcHDd2011-05-23iLF1l0oRD863.44 S787p, 2011p30511-30r2020-06-25te.3w2020-06-25yLFDSZPréstamo en sala 0010718PDaPDbPDcHDd2011-05-23iLF1l0oRD863.44 S787p, 2011p30511-10r2020-06-25w2020-06-25yLFPDZNo se presta 0010718PDaPDbPDcHDd2011-05-23iLF1l0oRD863.44 S787p, 2011p30511-20r2020-06-25te.2w2020-06-25yLFPDZNo se presta c30003d30003